Documentos de trámite / Joaquín Febrer Mas
Descripción Física:
121 f. ; 30 cm
Materias:
Formularis administratius
MARC
| LEADER | 00000nam a2200000Ia 4500 | ||
|---|---|---|---|
| 001 | 5423 | ||
| 003 | BGR | ||
| 005 | 20260324175330.0 | ||
| 008 | 160829s9999 xx 000 0 cat d | ||
| 080 | |a M-1-83 | ||
| 100 | |a Febrer Mas, Joaquín |9 35195 | ||
| 245 | |a Documentos de trámite / Joaquín Febrer Mas | ||
| 260 | |a Barcelona : |b Diputació de Barcelona. Escola d'Arts i Oficis, [1987] | ||
| 300 | |a 121 f. ; |c 30 cm | ||
| 650 | |a Formularis administratius |9 27526 | ||
| 710 | 1 | |a Barcelona (Catalunya : Província). |b Diputació |9 52408 | |
| 710 | 2 | |a Escola d'Arts i Oficis (Barcelona, Catalunya) |9 55874 | |
| 901 | |a Arxiu | ||
| 942 | |n 1 |2 udc |c MON | ||
| 952 | |0 0 |1 0 |4 0 |6 M183 |7 1 |9 44424 |a Arxiu |b Arxiu |d 2016-12-01 |l 0 |o M-1-83 |p 5423 |r 2016-12-01 00:00:00 |w 2016-12-01 |y ARXIU | ||
| 999 | |c 47005 |d 47005 | ||